Name the Pokémon Evolutions (Hard Version) - Statistics

General Stats
  • This quiz has been taken 241 times
    238 since last reset
  • The average score is 26 of 32
Answer Stats
Pokemon Final Evolution % Correct
Exeggcute Exeggutor
98%
Darumaka Darmanitan
92%
Pineco Forretress
92%
Larvesta Volcarona
90%
Aipom Ambipom
89%
Skitty Delcatty
88%
Togepi Togekiss
88%
Lotad Ludicolo
87%
Happiny Blissey
86%
Golett Golurk
86%
Rockruff Lycanroc
85%
Gulpin Swalot
85%
Inkay Malamar
84%
Trubbish Garbodor
82%
Goomy Goodra
82%
Vanillite Vanilluxe
82%
Stufful Bewear
81%
Deino Hydreigon
81%
Bergmite Avalugg
80%
Sewaddle Leavanny
79%
Cosmog Solgaleo/Lunala
79%
Pumpkaboo Gourgeist
78%
Type:Null Silvally
78%
Skrelp Dragalge
77%
Tynamo Eelektross
77%
Pikipek Toucannon
76%
Dewpider Araquanid
74%
Jangmo-o Kommo-o
74%
Mudbray Mudsdale
74%
Mareanie Toxapex
74%
Grubbin Vikavolt
74%
Scatterbug Vivillon
72%
No matching quizzes found
Score Distribution
Percent of People with Each Score
Percentile by Number Answered
Your Score History
You have not taken this quiz since the last reset